| 000 | 01554cam a22003374a 4500 | ||
|---|---|---|---|
| 999 |
_c7306 _d7306 |
||
| 001 | 12640219 | ||
| 003 | GZU | ||
| 005 | 20210506113925.0 | ||
| 008 | 020110s2003 ohua b 001 0 eng | ||
| 010 | _a 2002017623 | ||
| 020 | _a0324145632 | ||
| 040 |
_aDLC _cDLC _dDLC |
||
| 042 | _apcc | ||
| 050 | 0 | 0 |
_aHD30.25 _b.AND 2003 |
| 100 | 1 |
_aAnderson, David R. _q(David Ray), _d1941- _eauthor |
|
| 245 | 1 | 3 |
_aAn introduction to management science : _bquantitative approaches to decision making / _cDavid R. Anderson, Dennis J. Sweeney, Thomas A. Williams. |
| 250 | _a10th ed. | ||
| 260 |
_aCincinnati, Ohio : _bSouth-Western College Pub., _c2003. |
||
| 300 |
_axxiv, 881 p. : _bill. ; _c27 cm. + _e1 CD-ROM (4 3/4 in.) |
||
| 500 | _aIncludes bibliographical references (p. [837]-838) and index. | ||
| 504 | _aIncludes bibliographical references (p. [837]-838) and index. | ||
| 538 | _aSystem requirements for accompanying computer disk: Microsoft Windows 95/98/ME/NT4 or 2000. | ||
| 650 | 0 | _aManagement science. | |
| 700 | 1 |
_aSweeney, Dennis J. _eauthor |
|
| 700 | 1 |
_aWilliams, Thomas A. _q(Thomas Arthur), _d1944- _eauthor |
|
| 856 | 4 | 2 |
_3Contributor biographical information _uhttp://www.loc.gov/catdir/enhancements/fy1514/2002017623-b.html |
| 856 | 4 | 2 |
_3Publisher description _uhttp://www.loc.gov/catdir/enhancements/fy1514/2002017623-d.html |
| 856 | 4 | 1 |
_3Table of contents only _uhttp://www.loc.gov/catdir/enhancements/fy1514/2002017623-t.html |
| 906 |
_a7 _bcbc _corignew _d1 _eocip _f20 _gy-gencatlg |
||
| 942 |
_2lcc _cBK _e10th edition _h30.25 _iAND _kHD |
||